Egy multinacionális vállalat elosztási rendszerének vizsgálata

Bibliographic Details
Main Author: Foga Cecília
Other Authors: Orbán Dr. Gabriella
Format: Thesis
Kulcsszavak:Ellátási lánc
disztribúció
Online Access:http://dolgozattar.uni-bge.hu/1864

MARC

LEADER 00000nta a2200000 i 4500
001 dolg1864
005 20160211153611.0
008 150824suuuu hu om 000 hun d
040 |a BGE Dolgozattár Repozitórium  |b hun 
041 |a hu 
100 1 |a Foga Cecília 
245 1 0 |a Egy multinacionális vállalat elosztási rendszerének vizsgálata  |c Foga Cecília  |h [elektronikus dokumentum] 
695 |a Ellátási lánc 
695 |a disztribúció 
700 1 |a Orbán Dr. Gabriella  |e ths 
856 4 0 |u http://dolgozattar.uni-bge.hu/1864/1/Foga%20Cecilia_CQ0EUX.pdf  |z Dokumentum-elérés